Normal view
MARC view
- Rock music
Entry Topical Term
001 - CONTROL NUMBER
- control field: 112034
003 - CONTROL NUMBER IDENTIFIER
- control field: NUST
005 - DATE AND TIME OF LATEST TRANSACTION
- control field: 20230502151415.0
008 - FIXED-LENGTH DATA ELEMENTS
- fixed length control field: 230502|| aca||aabn | a|a d
040 ## - CATALOGING SOURCE
- Original cataloging agency: NUST
- Transcribing agency: NUST
150 ## - HEADING--TOPICAL TERM
- Topical term or geographic name entry element: Rock music
- Chronological subdivision: 1981-1990
670 ## - SOURCE DATA FOUND
- Source citation: Work cat.: (NUST)0: Goodwin, Jan 112033, Caught in the crossfire, p1984.
